مكتبة جامعة عجلون الوطنية

فهرس بحث المكتبة

Normal view MARC view
  • المصارف الاسلامية - رقابة شرعية وقانونية

Entry Topical Term

Number of records used in: 1

001 - CONTROL NUMBER

  • control field: 57000

003 - CONTROL NUMBER IDENTIFIER

  • control field: JO-AjAnu

005 - DATE AND TIME OF LATEST TRANSACTION

  • control field: 20230606083334.0

008 - FIXED-LENGTH DATA ELEMENTS

  • fixed length control field: 230606|| aca||aabn | a|a d

040 ## - CATALOGING SOURCE

  • Original cataloging agency: JO-AjAnu
  • Transcribing agency: JO-AjAnu

150 ## - HEADING--TOPICAL TERM

  • Topical term or geographic name entry element: المصارف الاسلامية - رقابة شرعية وقانونية

670 ## - SOURCE DATA FOUND

  • Source citation: Work cat.: (JO-AjAnu)29085: اعداد عمري، حيفة مازن محمد؛ اشراف محمد طعمة القضاة, author 56999, أهمية الرقابة الشرعية والقانونية للمصارف الاسلامية = The Importance of Shariah and Legal Supervision in Islamic Banks